| 000 | 01245nam a2200229Ia 4500 | ||
|---|---|---|---|
| 001 | L251-17025 | ||
| 003 | IT-CnALBA | ||
| 008 | 170116s9999||||xx |||||||||||||| ||und|| | ||
| 040 |
_aIT-CnALBA _cIT-CnALBA |
||
| 041 | _aITALIANO | ||
| 100 | _aALASIA GASPARE, TEOLOGO | ||
| 245 | 0 | _aERODE STORIA SOTTERRANEA ALLOCUZIONI. | |
| 250 | _a1a ed. | ||
| 260 |
_aMILANO - TORINO _bARTIGIANELLI TIPOG. S. GIUSEPPE. MI. TO' _c1896 [1° Ed.:1896 - Ed.Ling.Originale: 1896] |
||
| 300 | _a825 p. | ||
| 500 | _aOCCHI DI UNA MATRONA. CARTE GEOGRAFICHE, ALTA ITALIA, PALESTINA. CAMMINO DI ABRAMO. MOSÈ GIOSUÈ TERRA SANTA. ISRAELE E GIUDA. PEDICCA E ANTIGONO DIADOCHI. ELEAZARO E I SETTE FRATELLI MACCABEI. MORTE DI MATATIA. GIUDA MACCABEO. ALLEANZA DI GIONATA CON DEME | ||
| 501 | _aSocietà San Paolo EM - Piazza San Paolo, 14 - 12051 ALBA (CN) (non commercial uses only) ® Copyright 2017 | ||
| 520 | _aOCCHI DI UNA MATRONA. CARTE GEOGRAFICHE, ALTA ITALIA, PALESTINA. CAMMINO DI ABRAMO. MOSÈ GIOSUÈ TERRA SANTA. ISRAELE E GIUDA. PEDICCA E ANTIGONO DIADOCHI. ELEAZARO E I SETTE FRATELLI MACCABEI. MORTE DI MATATIA. GIUDA MACCABEO. ALLEANZA DI GIONATA CON DEME | ||
| 650 | _aPREDICAZIONE - ORATORIA SACRA | ||
| 942 | _cBK | ||
| 957 | _71 | ||
| 999 |
_a21770 _bSI _g Copie: 1 _c276181 _d276181 |
||